100 QUOTES - Harry Potter and the Order of the Phoenix - Statistics

General Stats
  • This quiz has been taken 272 times
  • The average score is 66 of 100
Answer Stats
Quote Character % Correct
Hey, Big D. Beat up another 10 year old? Harry
96%
He's just being modest. Hermione
89%
Just because you've got the emotional range of a teaspoon... Hermione
89%
I'm sorry professor. I must not tell lies. Harry
87%
Bad Crookshanks! Hermione
87%
Do you ever stop eating? Hermione
87%
It was foolish of you to come here tonight, Tom. Dumbledore
84%
Everyone, this is Loony Love...Luna Lovegood. Hermione
84%
Grawp! Put me down! Now. Hermione
84%
Get away from my godson. Sirius
84%
Cornelius...I implore you to see reason. Dumbledore
82%
Probably full of Nargles, though. Harry
82%
You're not going mad. I can see them too. You're just as sane as I am. Luna
82%
Hermione, I hate your cat. Ron
82%
Oh, well, I guess you should read the Prophet then like your stupid mother. Harry
80%
It's brilliant! It's like Hogwarts wants us to fight back. Harry
80%
He's got Padfoot. He, he's got Padfoot at the place where it's hidden. Harry
80%
I've waited 14 years...I guess I can wait a little longer. Harry
80%
It means the Ministry is interfering at Hogwarts. Hermione
80%
We fly, of course! Luna
80%
I must have missed it, but by a happy mistake, I arrived at the Ministry three hours early. Dumbledore
78%
I have no intention of going to Azkaban. Dumbledore
78%
I've looked it up, they simply can't expel you. It's completely unfair! Hermione
78%
Who are you and what have you done with Hermione Granger? Ron
78%
Your father was a swine. Snape
78%
Only Dumbledore made us swear to not tell you anything. Hermione
76%
Shh! Not here, Nymphadora. Mad Eye
76%
Don't give it to him, Harry! Neville
76%
We believe...Voldemort may be after something...something he didn't have last time. Sirius
76%
It's so silly of me, but it sounded for a moment as though you were suggesting that the Ministry had ordered the attack on this boy. Umbridge
76%
Avada Kedavra. Bellatrix
73%
Who's Cedric, your boyfriend? Dudley
73%
Furthermore, we have convincing evidence that these disappearances are the work of notorious mass murderer Sirius Black. Fudge
73%
Well, what use is that, if we're going to be attacked, it won't be risk-free. Harry
73%
Look at me! What's happening to me? Harry
73%
Hungry. I hope there's pudding. Luna
73%
They can only be seen by people who've seen death. Luna
73%
I'm quite proud to be their son. But I'm not sure I'm ready for everyone to know just yet. Neville
73%
Dumbledore's Army was supposed to be about doing something real. Or was it all just words to you? Neville
73%
Nice one, James! Sirius
73%
In these lessons, I will attempt to penetrate your mind. You will attempt to resist. Snape
73%
Laws can be changed if necessary, Dumbledore. Fudge
71%
That foul, evil old gargoyle. Hermione
71%
Is it true you can produce a Patronus Charm? Luna
71%
Seamus was bang out of order, mate. Ron
71%
Why? Cause You-Know-Who's back, you tosspot. Ron
71%
You've done beautifully. Now, let me take it from here. Sirius
71%
Trains, underground. Ingenious, these Muggles. Arthur
69%
Neville Longbottom, is it? How's mom and dad? Bellatrix
69%
He's back. Fudge
69%
That's right. Because you know, deep down you deserve to be punished. Umbridge
69%
You're a fool, Harry Potter. And you will lose...everything. Voldemort
69%
I've never been able to stun anything before...Mistletoe? Cho
67%
Reducto! Ginny
67%
Did you actually believe...or were you truly naive enough to think...that children stood a chance...against us? Lucius
67%
Padfoot, are you barking mad? You'll blow the entire operation. Mad Eye
67%
Besides, the world isn't split into...good people and Death Eaters. We've all got both light and dark inside of us. Sirius
67%
The Cruciatus Curse ought to loosen your tongue. Umbridge
67%
Don't put away your wand Harry. They might come back. Figg
64%
I've never seen the centaurs so riled. And they're dangerous at the best of times. Hagrid
64%
Oh! Just because you're allowed to use magic now does not mean you have to whip your wands out for everything! Molly
64%
One teensy little prophesy?...Pity Umbridge
64%
I will have order! Umbridge
64%
Ah, I thought we might hit this little snag. You seem to be laboring under the delusion that I'm going to...What was the phrase? Come quietly. Dumbledore
62%
I told you. I've been away for me health...Bit of fresh air, you know. Hagrid
62%
Who wants to see me take off Snivelly's trousers? James
62%
Bit peaky, but I'm afraid dinner will have to wait until after the meeting's finished. Molly
62%
I let her do that. It's good manners, isn't it? It's completely intentional. Ron
62%
Woah! Well, you may not like him, Minister...But you can't deny...Dumbledore has got style. Shacklebolt
62%
I'm afraid we can't wait. Not even till the morning. Otherwise, we'll be vulnerable. Dumbledore
60%
Well, one of them was very large and the other rather skinny. Figg
60%
I've always felt our futures lay outside the world of academic achievement. Fred
60%
You say much more and you might might as well induct him into the Order straightaway. Molly
60%
Uh-uh, and he killed a Basilisk with the sword in Dumbledore's office. Neville
60%
This is very, very peculiar. It seems that your hearing at the Ministry is to be before the entire Wizengamot. Arthur
58%
Oh, there are several things I would like to say. McGonagall
58%
Perhaps Potter will grow up to be a felon, just like his godfather. Snape
58%
Who do you imagine want to attack children like yourself? Umbridge
58%
I'm a nutter, remember? Harry
56%
You can't be any worse than old toad face. Ron
53%
Legilimens! Snape
53%
You...are in grave danger. Trelawney
53%
Exactly the point. Fudge isn't in his right mind. Lupin
51%
Don't break ranks if one of us is killed. Mad Eye
51%
What's life without a little risk? Sirius
51%
Bombarda Maxima. Umbridge
51%
Levicorpus. Luna
49%
Illuminating? What a load of waffle. Ron
49%
You better enjoy it while you can. I expect there's a cell in Azkaban with your name on it. Draco
47%
Our boy has gone yumpy! Vernon
44%
That really was most illuminating. Dumbledore
42%
You know, you really should learn to tell the difference between dreams...and reality. Lucius
42%
Oh, that bad at it, are you? Ron
42%
You are hereby expelled from Hogwarts School of Witchcraft and Wizardry. Hopkirk
40%
Disloyalty. McGonagall
40%
Watch where you're going, Longbottom. Hehehe Goyle
36%
He's mad is what's going on. Seamus
36%
Show him. He'll find out soon enough. Mad Eye
24%
Scum of the earth. Kreacher
22%
Nasty brat, standing there as bold as brass. Kreacher
20%
No matching quizzes found
Score Distribution
Percent of People with Each Score
Percentile by Number Answered
Your Score History
You have not taken this quiz